[Event "CZE-ch (Women)"]
[Site "Frymburk"]
[Date "2002.??.??"]
[Round "2"]
[White "Hodova, Lucie"]
[Black "Brozova, Renata"]
[Result "1-0"]
[WhiteElo "1916"]
[BlackElo "1764"]
[PlyCount "53"]
[EventDate "2002.??.??"]
[EventType "swiss"]
[EventRounds "9"]
[EventCountry "CZE"]
[SourceTitle "EXT 2005"]
[Source "ChessBase"]
[SourceDate "2004.11.15"]
[SourceVersion "1"]
[SourceVersionDate "2004.11.15"]
[SourceQuality "1"]

1. e4 c6 2. d4 d5 3. Nd2 dxe4 4. Nxe4 Bf5 5. Ng3 Bg6 6. h4 h6 7. Nf3 Nf6 8. Ne5 Bh7 9. c3 e6 10. Bd3 Bxd3 11. Qxd3 Nbd7 12. f4 Nxe5 13. fxe5 Nd5 14. Ne4 Be7 15. Qg3 Kd7 16. Bd2 b5 17. 0-0-0 b4 18. c4 Nb6 19. Rhf1 Qf8 20. Nc5+ Bxc5 21. dxc5 Na4 22. Bxb4+ Kc8 23. Qa3 Nxb2 24. Kxb2 Rb8 25. Qa6+ Rb7 26. Kc3 Qe7 27. Qxc6+ 1-0